000 00290nam a22001217a 4500
082 _a671.2 PEA'E
100 _aPARKINS, REDVERS N,PEARSON, CLOUDE E
_958246
245 _aTHE EXTRUSION OF METALS
250 _a2ND
260 _aLONDON
_bCHAPMAN & HALL
_c1960
300 _a336P
942 _cBK
999 _c568444
_d568444